=LDR 00000nam 2200000 4500 =001 INLIS000000000032253 =005 20130612134253 =008 ***********************************ind** =035 ##$$0010-061300000032253 =041 ##$$a ind =082 ##$$a 641.5 =090 ##$$a 641.5, Wid e =100 ##$$a Widya, Cici =245 ##$$a Ensiklopedi Kuliner Nusantara , Kumpulan Resep Masakan Khas Daerah , Cici Widya =260 ##$$a 2008 $b [s.l] =300 ##$$a xii,132 hlm. , 15 cm =650 ##$$a Masakan =850 ##$$a NBPNMAT